• 首页
  • 本馆介绍
  • 公告通知
  • 最新文献
  • 馆藏检索
  • 电子资源
  • 读者导购
  • 参考咨询
  • 我的图书馆
  • 登录
  • 详细信息显示
  • 放入我的书架
  • 预约/预借图书
  • 作者相关作品
  • 分类相关作品
  • 丛书相关作品
  • 出版社相关作品

书目信息

  • 表格格式
  • 工作单格式
  • 卡片格式
题名:
河南省生态环境遥感调查技术方法与评估
    
 
作者: 钱发军 , 李双权 , 杜军 编著
分册:  
出版信息: 北京   中国农业科学技术出版社  2017.05
页数: 180页
开本: 24cm
丛书名:
单 册:
中图分类: X321.261 , X87
科图分类:
主题词: 生态环境--环境遥感--调查方法--河南省
电子资源:
ISBN: 978-7-5116-3044-5
000 01226nam0 2200277 450
001 1094
005 20180927114042.19
010    @a978-7-5116-3044-5@dCNY86.00
100    @a20180412d2017 em y0chiy50 ea
101 0  @achi
102    @aCN@b110000
105    @aa az 000yy
200 1  @a河南省生态环境遥感调查技术方法与评估@9he nan sheng sheng tai huan jing yao gan diao cha ji shu fang fa yu ping gu@f钱发军,李双权,杜军编著
210    @a北京@c中国农业科学技术出版社@d2017.05
215    @a180页@c图@d24cm
300    @a河南省科学院科技著作出版项目 国家自然科学基金项目——全新世以来黄河冲积扇扇顶区发育过程研究
320    @a有书目(第175-180页)
330    @a本书以河南全省域为研究区,采用现代遥感技术手段,从生态系统格局、生态系统质量、生态服务功能、生态环境胁迫、生态环境问题等多个角度,开展了空间分异格局和动态变化的综合调查与评估,以期全面摸清河南省生态环境现状,增强为人类发展而管理生态环境的能力,全面系统地为社会经济的可持续发展服务。
606 0  @a生态环境@x环境遥感@x调查方法@y河南省
690    @aX321.261@v5
690    @aX87@v5
701  0 @a钱发军@9qian fa jun@4编著
701  0 @a李双权@9li shuang quan@4编著
701  0 @a杜军@9du jun@4编著
801  0 @aCN@b91MARC@c20180412
905    @aMuseLib@dX321.261@e228
    
    河南省生态环境遥感调查技术方法与评估/钱发军,李双权,杜军编著.-北京:中国农业科学技术出版社,2017.05
    180页:图;24cm
    河南省科学院科技著作出版项目 国家自然科学基金项目——全新世以来黄河冲积扇扇顶区发育过程研究
    
    ISBN 978-7-5116-3044-5:CNY86.00
    本书以河南全省域为研究区,采用现代遥感技术手段,从生态系统格局、生态系统质量、生态服务功能、生态环境胁迫、生态环境问题等多个角度,开展了空间分异格局和动态变化的综合调查与评估,以期全面摸清河南省生态环境现状,增强为人类发展而管理生态环境的能力,全面系统地为社会经济的可持续发展服务。
●
相关链接 在E读中查询图书 在五车中查询图书 在当当中查询图书 在豆瓣中查询图书


正题名:河南省生态环境遥感调查技术方法与评估     索取号:X321.261/228         预约/预借

序号 登录号 条形码 馆藏地/架位号 状态 备注
1 1121144   211211446   第二样本阅览室/ [索取号:X321.261/228] 在馆    
2 1121145   211211455   第三借阅区/ [索取号:X321.261/228] 在馆    
3 1121146   211211464   第三借阅区/ [索取号:X321.261/228] 在馆    
4 1121147   211211473   第三借阅区/ [索取号:X321.261/228] 在馆    
5 1121148   211211482   资源管理系资料室/ [索取号:X321.261/228] 在馆    
唐山师范学院图书馆 欢迎您!
大连网信软件有限公司© 版权所有